Acteurs français sans voyelle. - Statistiques

Statistiques générales
  • Ce quiz a été pris 138 fois
  • Le résultat moyen est 13 sur 20
Statistiques - réponses
HINT ANSWER % Correct
M_ch_l Bl_nc Michel Blanc
100%
G_r_rd D_p_rd___ Gerard Depardieu
98%
Th__rr_ Lh_rm_tt_ Thierry Lhermitte
97%
G_r_rd J_gn_t Gerard Jugnot
96%
J__n R_n_ Jean Reno
92%
Yv_s M_nt_nd Yves Montand
92%
J__n R_ch_rd Jean Richard
91%
G_r_rd L_nv_n Gerard Lanvin
86%
V_nc_nt L_c_st_ Vincent Lacoste
81%
Fr_nç__s-X_v__r D_m__s_n François-Xavier Demaison
73%
L_n_ V_nt_r_ Lino Ventura
65%
G__ B_d_s Guy Bedos
57%
J__n M_r__s Jean Marais
57%
J__n C_rm_t Jean Carmet
53%
Ph_l_pp_ C_st_ll_ Philippe Castelli
42%
B_rn_rd Fr_ss_n Bernard Fresson
40%
D_n__l G_l_n Daniel Gelin
31%
P__l Pr_b__st Paul Preboist
31%
St_ph_n_ Fr__ss Stephane Freiss
29%
M_ch__l L_nsd_l_ Michael Lonsdale
19%
Aucun quiz correspondant
Distribution des résultats
% des personnes avec chaque résultat
Percentile par nombre de réponses
Votre historique - résultats
Vous n’avez pas pris ce quiz